00964nam a22002417a 45000010005000000030006000050050017000110080041000280200018000690400029000870500009001160820008001251000022001332450067001552600039002223000059002615050007003205200283003275210029006105210019006396500031006587000033006894452FISKH20240910141138.0240910b cb ||||| |||| 00| 0 eng d a9780140505948 aFISKHbengcFISKHdFISKH aPZ7  a646 aBarnett, Gillian  aThe sack man /cGillian Barnett ; Illustrated by Lynda Taylor  aVitoria : bPuffin Books, c1986.  a28 unnumbered pages : bcolor illustrations ; c26 cm  aO  aAt first, Jess is scared of the Sack Man. He wears ragged clothes, has a dog that growls, and lives in an upside-down bathtub. Most of all, Jess wonders what he keeps in his sack which he carries with him every day. But slowly, Jess learns not to be afraid - and finds a friend.8 a600 bLexile estimate 8 aO bRaz-Plus  aSack Man vRagged clothes  aTaylor, Lynda eIllustrator